LEADER 01032nam0 22002771i 450 001 RML0297002 005 20231121125740.0 010 $a8811580374 100 $a20121121d1981 ||||0itac50 ba 101 | $aita 102 $ait 181 1$6z01$ai $bxxxe 182 1$6z01$an 200 1 $a˜I œpromessi sposi$fAlessandro Manzoni$gIntroduzione e note di Vittorio Spinazzola 210 $aMilano $cGarzanti $d©1981 215 $aXXXI,541 p.$d19 cm 225 | $a˜I œgrandi libri Garzanti$c- Cernusco $eGarzanti $v37 410 0$1001RML0330423$12001 $a˜I œgrandi libri Garzanti$c- Cernusco $eGarzanti $v37 801 3$aIT$bIT-01$c20121121 850 $aIT-FR0017 899 $aBiblioteca umanistica Giorgio Aprea$bFR0017 912 $aRML0297002 950 0$aBiblioteca umanistica Giorgio Aprea$d 52CIS 7/1317$e 52VM 0000668065 VM barcode:00044076. - Inventario:15663 FLSVM$fA $h20070306$i20121204 977 $a 52 996 $aPromessi sposi$958599 997 $aUNICAS